Music Quiz

Random Music or Lyrics Quiz
Score 0/284 Timer 14:00
0 Plays Today
Hint Answer % Correct
the
97.8%
The
97.8%
the
97.8%
the
97.8%
the
97.8%
The
97.8%
the
97.8%
the
97.8%
the
97.8%
the
97.8%
the
97.8%
the
97.8%
the
97.8%
the
97.8%
the
97.8%
the
97.8%
the
97.8%
the
97.8%
the
97.8%
the
97.8%
a
96.1%
a
96.1%
a
96.1%
a
96.1%
a
96.1%
a
96.1%
a
96.1%
a
96.1%
a
96.1%
a
96.1%
a
96.1%
a
96.1%
a
96.1%
a
96.1%
a
96.1%
a
96.1%
a
96.1%
of
93.7%
of
93.7%
of
93.7%
of
93.7%
of
93.7%
of
93.7%
of
93.7%
of
93.7%
of
93.7%
of
93.7%
of
93.7%
of
93.7%
of
93.7%
of
93.7%
on
93.6%
on
93.6%
on
93.6%
on
93.6%
and
92.3%
and
92.3%
and
92.3%
and
92.3%
And
92.3%
and
92.3%
and
92.3%
and
92.3%
and
92.3%
and
92.3%
and
92.3%
and
92.3%
And
92.3%
and
92.3%
and
92.3%
and
92.3%
and
92.3%
And
92.3%
in
89.5%
in
89.5%
in
89.5%
It's
87.5%
It's
87.5%
with
87.1%
with
87.1%
with
87.1%
with
87.1%
with
87.1%
with
87.1%
what
85.5%
wonderful
85.5%
what
85.5%
wonderful
85.5%
wonderful
85.5%
what
85.5%
wonderful
85.5%
what
85.5%
wonderful
85.5%
inside
84.9%
Inside
84.9%
Hint Answer % Correct
inside
84.9%
Inside
84.9%
Inside
84.9%
intimacy
84.2%
intimacy
84.2%
intimacy
84.2%
intimacy
84.2%
intimacy
84.2%
she
83.1%
she
83.1%
she
83.1%
corner
82.3%
just
82%
just
82%
to
81.2%
to
81.2%
before
81%
he
81%
before
81%
he
81%
before
81%
before
81%
your
80.7%
your
80.7%
your
80.7%
people
80.3%
that
79.6%
that
79.6%
There
79.6%
There
79.6%
There
79.6%
Along
79.4%
these
79.2%
as
78.8%
motels
78.6%
her
78.6%
her
78.6%
her
78.6%
her
78.6%
her
78.6%
roses
78.5%
roses
78.5%
caricature
78.3%
caricature
78.3%
caricature
78.3%
girls
78.3%
caricature
78.3%
caricature
78.3%
girls
78.3%
raindrops
78.1%
white
78.1%
raindrops
78.1%
white
78.1%
for
77.9%
dresses
77.9%
dresses
77.9%
at
76.4%
At
76.4%
At
76.4%
virgin
76.1%
virgin
76.1%
no
75.9%
lawyer
75.1%
lawyer
75.1%
roaches
75%
roaches
75%
sleeping
74.4%
sleeping
74.4%
Street
74.2%
eyes
74.2%
dash
74%
lalalala
74%
things
73.8%
things
73.8%
unappealing
73.7%
was
73.5%
was
73.5%
was
73.5%
substandard
73.3%
right
72.4%
very
72.2%
least
72%
favorite
72%
least
72%
favorite
72%
crash
71.8%
crash
71.8%
Monday
71.5%
terrible
71.5%
terrible
71.5%
purse
71.5%
purse
71.5%
only
71.3%
only
71.3%
catholic
70.9%
Hint Answer % Correct
decomposing
70.9%
job
70.7%
really
70.7%
money
70.7%
all
70.5%
all
70.5%
cross
70.3%
needs
70.3%
are
70.3%
taking
70.2%
taking
70.2%
maybe
70%
Mrs.
69.8%
Mrs.
69.8%
rooms
69.6%
hint
69.6%
kind
69.6%
have
69.4%
cheating
69.4%
habit
69.2%
getting
69.2%
cause
69.1%
different
69.1%
Appealing
68.9%
She's
68.9%
his
68.9%
his
68.9%
strictly
68.9%
more
68.9%
more
68.9%
themselves
68.7%
business
68.7%
they're
67.8%
firm
67.8%
said
67.6%
upon
67.4%
come
67.4%
few
67.4%
few
67.4%
tucked
67%
one
67%
entering
66.7%
face
66.7%
will
66.5%
attorney
66.5%
met
66.5%
fixing
66.1%
sheets
65.9%
sheets
65.9%
yes
65.7%
compact
65.7%
best
65.7%
best
65.7%
between
65.6%
stains
65.2%
stains
65.2%
any
64.8%
would
64.5%
asbestos
64.3%
4th
64.1%
Tonight
63.7%
aside
63%
rosary
62.8%
lingerie
62.8%
had
62.8%
formaldehyde
62.2%
practiced
62.1%
stay
61.9%
left
61%
constable
59.7%
proposition
59.7%
guesses
59.3%
guesses
59.3%
from
58.9%
not
58.9%
bag
58.9%
mention
58.6%
Fremont
58.4%
spilled
57.8%
lalalalala
57.6%
hours
57.6%
held
55.1%
moonlighting
54.7%
after
53.8%
Oh
51.2%
range
51%
Yeah
50.8%
Yeah
50.8%
tenants
49%
shade
47.1%
shade
47.1%
well
45.1%
badge
38.9%
Accessorizing
38.3%
Come Together.
Have Fun.
All Virtual.
We all need to come together. Play Sporcle's virtual live trivia to have fun, connect with people, and get your trivia on. Join a live hosted trivia game for your favorite pub trivia experience done virtually. If a virtual private party is more your thing, go here for details.

You're not logged in!

Compare scores with friends on all Sporcle quizzes.
OR
Log In

Sporcle TV

Today on Sporcle TV


Watch our educational content, quiz creation guides, and fun videos on Sporcle TV.

Show Comments

Extras

Top Quizzes Today


Score Distribution

Paid Content

Your Account Isn't Verified!

In order to create a playlist on Sporcle, you need to verify the email address you used during registration. Go to your Sporcle Settings to finish the process.

Report this User

Report this user for behavior that violates our Community Guidelines.

Details: